Top 10 biggest countries in the world - Statistics

General Stats
  • This quiz has been taken 180 times
  • The average score is 9 of 10
Answer Stats
Hint Answer % Correct
ru Russia
99%
ca Canada
98%
us United States
96%
au Australia
95%
br Brazil
90%
cn China
88%
in India
88%
kz Kazakhstan
88%
ar Argentina
79%
dz Algeria
58%
No matching quizzes found
Score Distribution
Percent of People with Each Score
Percentile by Number Answered
Your Score History
You have not taken this quiz